Central Library OPAC University of Rajshahi

Folktales of Bangladesh / (Record no. 62700)

MARC details
000 -LEADER
fixed length control field 00837nam a2200277 a 4500
001 - CONTROL NUMBER
control field 62700
003 - CONTROL NUMBER IDENTIFIER
rucl marc code BD-RjUL
005 - DATE AND TIME OF LATEST TRANSACTION
control field 20211209081120.0
008 - FIXED-LENGTH DATA ELEMENTS--GENERAL INFORMATION
fixed length control field 170125s1985 bg |||| |||| 001 0 eng d
035 ## - SYSTEM CONTROL NUMBER
System control number (BD-RjUL)62827
040 ## - CATALOGING SOURCE
Original cataloging agency BD-RjUL
Language of cataloging eng
Transcribing agency BD-RjUL
041 ## - LANGUAGE CODE
Language code of text/sound track or separate title eng
082 ## - DEWEY DECIMAL CLASSIFICATION NUMBER
Edition number 23
Classification number 398.2095492
Author mark and year FOL 1985
245 10 - TITLE STATEMENT
Title Folktales of Bangladesh /
Statement of responsibility, etc. edited by Abdul Hafiz ; translated by Khondakar Ashraf Hossain and Zakeria Shirazi.
250 ## - EDITION STATEMENT
Edition statement 1st ed.
260 ## - PUBLICATION, DISTRIBUTION, ETC. (IMPRINT)
Place of publication, distribution, etc. Dhaka :
Name of publisher, distributor, etc. Bangla Academy,
Date of publication, distribution, etc. 1985.
300 ## - PHYSICAL DESCRIPTION
Pagination 75 p. ;
Size 19 cm.
500 ## - GENERAL NOTE
General note Includes index.
650 ## - SUBJECT ADDED ENTRY--TOPICAL TERM
Topical term or geographic name as entry element Tales
Geographic subdivision Bangladesh.
9 (RLIN) 186375
Topical term or geographic name as entry element Tales.
9 (RLIN) 187186
Topical term or geographic name as entry element Bangladesh.
9 (RLIN) 187187
700 ## - ADDED ENTRY--PERSONAL NAME
Personal name Hafiz, Abdul.
Personal name Hossain, Khondakar Ashraf.
Personal name Shirazi, Zakeria.
942 ## - ADDED ENTRY ELEMENTS (KOHA)
Source of classification or shelving scheme Dewey Decimal Classification
Koha item type Books
Holdings
Lost status Source of classification or shelving scheme Damaged status Not for loan Collection code Permanent Location Current Location Shelving location Date acquired Source of acquisition Cost, normal purchase price Total Checkouts Full call number Date last seen Copy number Koha item type
  Dewey Decimal Classification   Not For Loan Fiction Central Library, University of Rajshahi Central Library, University of Rajshahi Reading Room 24/02/1986 Dhaka: Bangla Academy. 30.00   398.2095492 FOL 1985 25/01/2017 C-1 Books